000 00316 a2200109 4500
001 ART_12927
005 20260410161909.0
008 260409a
245 1 0 _aPrincipios generales de costos
100 1 _aSafarano, José M.
773 0 _tCostos y gestión
_g- Año 15, Nº 58 (dic. 2005)
_wREV12786
999 _c26678
_d26678